|
|
|
|
| LEADER |
00000nab a2200000 a 4500 |
| 001 |
vtls000028146 |
| 003 |
SK-MaSNL |
| 005 |
20260303191633.0 |
| 008 |
160202c1979 xo 0 cze |
| 015 |
|
|
|a SNBRB19rr/mm-uuuuu
|
| 035 |
|
|
|a CL0038240
|
| 040 |
|
|
|a SNKBUCL
|b slo
|c SNKBUCL
|e AACR2
|
| 041 |
0 |
|
|a cze
|
| 044 |
|
|
|a xo
|c SK
|
| 080 |
|
|
|a 784
|2 1981
|
| 100 |
1 |
|
|a Chvostek, Jaromír
|4 aut
|9 923762
|
| 245 |
1 |
0 |
|a Spoľahlivý reprezentant našej socialistickej kultúry
|b Vynikajúci úspech Pěveckého združení moravských učitelů v talianskej Gorizii
|c Jaromír Chvostek
|
| 300 |
|
|
|b Obr. 2.
|
| 650 |
0 |
7 |
|a spevácke zbory
|2 SNKPH
|9 3197
|
| 650 |
0 |
7 |
|a Pěvecké združení moravských učitelů
|2 snkbucl
|9 1221260
|
| 650 |
0 |
7 |
|a zborový spev
|2 snkbucl
|9 3196
|
| 655 |
|
7 |
|a články z novín a časopisov
|2 snkbucl
|9 267496
|
| 773 |
0 |
|
|t Rytmus
|g Roč. 30, č. 1 (1979), s. 8
|
| 850 |
|
|
|a Slovenská národná knižnica v Martine
|a MTA001
|
| 852 |
|
|
|a SNK
|b KIS3GCP
|
| 958 |
|
|
|a RK
|
| 958 |
|
|
|a CZ
|
| 992 |
|
|
|a RBX
|
| 999 |
|
|
|c 2142134
|d 2144064
|